000 00448nam a2200181Ia 4500
001 1881
005 20260306143801.0
008 260306t2014||||xx |||||||||||||| ||spa||
041 _aESP
082 _a158.1
_bB94
100 _aBurns, David D.,
_eAUT
245 0 _aSentirse bien :
_buna nueva terapia contra las depresiones
260 _c2014
300 _a428 páginas :
_c22 cm.
650 _aGEN
654 _aCPS
942 _cLIB
_dJUS
_fJUS
_2ddc
_n
999 _c1881
_d1881